000 01228cam a2200325 a 4500
999 _c9656
_d9656
001 15167066
003 GBCCL
005 20241126110716.0
008 080204s2008 kyu b 001 0 eng
010 _a 2008004989
020 _a9780664222239 (alk. paper)
020 _a0664222234 (alk. paper)
035 _a(OCoLC)191882058
035 _a(OCoLC)ocn191882058
040 _aDLC
_cDLC
_dBAKER
_dBTCTA
_dYDXCP
_dUKM
_dHCD
_dC#P
_dBWX
_dDLC
050 0 0 _aBS1525.53
_b.A45 2008
082 0 0 _a221.77
_222
_bOLD
100 1 _aAllen, Leslie C.
_911974
245 1 0 _aJeremiah :
_ba commentary /
_cLeslie C. Allen.
260 _aLouisville, Ky. :
_bWestminster John Knox Press,
_cc2008.
300 _axxix, 546 p. ;
_c23 cm.
490 1 _aThe Old Testament library
504 _aIncludes bibliographical references (p. [xix]-xxix) and index.
630 0 0 _aBible.
_pJeremiah
_vCommentaries.
_913648
830 0 _aOld Testament library.
_94803
856 4 1 _3Table of contents only
_uhttp://www.loc.gov/catdir/toc/ecip0810/2008004989.html
906 _a7
_bcbc
_corignew
_d1
_eecip
_f20
_gy-gencatlg
942 _2ddc
_cREF